LDR 00881naa#a2200169#i#450# 001 EN\\bibl\123361 005 20260705235944.7 011 ## _a1994-4683 100 ## _a20230731b2023####ek#y0engy0150####ca 102 ## _aRU 200 1# _aDEVELOPMENT OF AN ELECTRONIC DATABASE FOR THE DEVELOPMENT OFPHYSICAL FITNESS AND FUNCTIONAL STATE OF STUDENTS OF THE INSTITUTE OF LANGUAGE AND CULTURE OF THE PEOPLES OF THE NORTH OF THE RUSSIAN FEDERATION AND MEDICAL UNIVERSITY OF THE M.K. AMMOSOV NORTH-EASTERN FEDERAL UNIVERSITY _eJournal article 210 1# _aMoscow _cNational State University of Physical Education, Sports and Health named after P.F. Lesgaft _d2023 215 ## _a3 с. 608 ## _aJournal article _2local 675 ## _aФизическое воспитание. Ритмическая гимнастика. Эуритмия. 37.037.1 _z 700 #1 _aVasileva _gM I 856 4# _auchzapiski.lesgaft.spb.ru _u